Les Refs d'Internet - Statistiques

Statistiques générales
  • Ce quiz a été pris 542 fois
  • Le résultat moyen est 7 sur 15
Statistiques - réponses
Hint Réponse % Correct
Mais t'es pas net ... Baptiste
88%
Mais ça va pas ou ... ? quoi
86%
L'alcool c'est pas... ? cool
78%
Sortez de ma ... !!! chambre
73%
Oh putain... Laurent
71%
Mon sac est ... fait
68%
Tu es grosse ... Mélissandre
66%
No, no, José, no se... bueno
42%
C'est quoi ton style ? Mec de cité simple
31%
Niels a cassé ? La caméra
27%
Tout vêtu de... Cuir
26%
C'est ça que tu ... ? dis
10%
Full saint lo ? Monaco
10%
Je m'appelle ... (ref aux Croûtons (Michou mon babylove)) Fatih
1%
Je l'ai touché... le chèque
1%
Aucun quiz correspondant
Distribution des résultats
% des personnes avec chaque résultat
Percentile par nombre de réponses
Votre historique - résultats
Vous n’avez pas pris ce quiz